[Event "Dutch Open 2012"]
[Site "Dieren NED"]
[Date "2012.07.24"]
[Round "1.3"]
[White "Go, Benjamin"]
[Black "Ikonnikov, Vyacheslav"]
[Result "0-1"]
[BlackTitle "GM"]
[WhiteElo "2164"]
[BlackElo "2537"]
[WhiteFideId "1014560"]
[BlackFideId "4100972"]
[EventDate "2012.07.24"]
[EventType "swiss"]

1. e4 c5 2. Nf3 Nc6 3. d4 cxd4 4. Nxd4 e5 5. Nb5 d6 6. N1c3 a6 7. Na3 Be7 8. Nd5
Be6 9. Be3 Bxd5 10. exd5 Nb8 11. Nc4 Nd7 12. a4 f5 13. f3 Ngf6 14. a5 O-O 15.
Ra3 Rc8 16. g3 Qe8 17. Rb3 Rc7 18. Nb6 f4 19. Nxd7 Nxd7 20. Bf2 e4 21. Bb6 Nxb6
22. axb6 Rc5 23. fxe4 Bd8 24. Qd3 fxg3 25. hxg3 Ra5 26. Ra3 Rxa3 27. bxa3 Bxb6
28. Bh3 Ba5+ 29. Kd1 Qh5+ 30. Kc1 Qe5 31. Kb1 g6 32. Be6+ Kg7 33. Qe3 h5 34. g4
h4 35. g5 Bd8 36. Rg1 Rf4 37. Qa7 Bxg5 38. Qxb7+ Kh6 39. Bg8 Be7 40. Be6 Bf6 41.
Re1 Qa1# 0-1

[Event "Dutch Open 2012"]
[Site "Dieren NED"]
[Date "2012.07.24"]
[Round "1.4"]
[White "Bakre, Tejas"]
[Black "Markus, John Raymond"]
[Result "1-0"]
[WhiteTitle "GM"]
[WhiteElo "2482"]
[BlackElo "2147"]
[WhiteFideId "5004195"]
[BlackFideId "1001213"]
[EventDate "2012.07.24"]
[EventType "swiss"]

1. c4 Nf6 2. Nc3 g6 3. g3 Bg7 4. Bg2 O-O 5. e4 d6 6. Nge2 c6 7. O-O e5 8. d3 a5
9. h3 Nbd7 10. Be3 Qc7 11. Qd2 Ne8 12. f4 f5 13. exf5 gxf5 14. Rf2 Ndf6 15. Raf1
Be6 16. b3 Rd8 17. Na4 Nd7 18. d4 e4 19. d5 Bf7 20. Nd4 Bxd4 21. Qxd4 c5 22. Qd2
Ndf6 23. Nc3 b6 24. Nb5 Qd7 25. a4 h5 26. Qc3 Kh7 27. Bc1 Rg8 28. Bb2 Rg6 29.
Re1 Ng7 30. Rfe2 Rg8 31. Qxf6 Rxf6 32. Bxf6 Ne8 33. Bg5 Bg6 34. g4 hxg4 35. hxg4
fxg4 36. Bxe4 Bxe4 37. Rxe4 Ng7 38. Kg2 Kg6 39. Re6+ Nxe6 40. Rxe6+ Kf7 41.
Nxd6+ Kf8 42. Bh6+ 1-0

[Event "Dutch Open 2012"]
[Site "Dieren NED"]
[Date "2012.07.24"]
[Round "1.5"]
[White "Van Lanen, Antoon"]
[Black "Raznikov, Danny"]
[Result "0-1"]
[BlackTitle "IM"]
[WhiteElo "2147"]
[BlackElo "2462"]
[WhiteFideId "1008064"]
[BlackFideId "2811154"]
[EventDate "2012.07.24"]
[EventType "swiss"]

1. e4 c5 2. Ne2 d6 3. Nbc3 Nf6 4. g3 Nc6 5. Bg2 g6 6. O-O Bg7 7. d3 O-O 8. h3
Rb8 9. f4 Nd7 10. g4 b5 11. a3 a5 12. Rb1 b4 13. axb4 axb4 14. Nd5 e6 15. Ne3
Nd4 16. f5 Ne5 17. Nxd4 cxd4 18. Nc4 Nxc4 19. dxc4 Be5 20. Bh6 Re8 21. Qf3 gxf5
22. gxf5 Qh4 23. Qg4+ Qxg4 24. hxg4 b3 25. cxb3 Rxb3 26. Rf3 Rb4 27. b3 Bb7 28.
Rd3 Ra8 29. Bd2 Rb6 30. b4 Rba6 31. Rdb3 Ra2 32. R1b2 Ra1+ 33. Rb1 Rxb1+ 34.
Rxb1 Ra2 35. Rd1 exf5 36. gxf5 Rc2 37. Kf2 Bf4 38. Ke1 Bxd2+ 39. Rxd2 Rxc4 40.
Rb2 Kg7 41. Kd2 Rc3 42. b5 h5 43. Rb4 Rg3 44. Bh1 Rh3 45. Rb1 h4 46. b6 Ba6 47.
Rg1+ Kh7 48. e5 dxe5 49. f6 Rb3 50. Rg7+ Kh6 51. Rxf7 Rb2+ 52. Kc1 Rxb6 53. Be4
Bc4 54. Rh7+ Kg5 55. Rg7+ Kf4 56. Bd3 Bxd3 57. f7 Ke3 0-1

[Event "Dutch Open 2012"]
[Site "Dieren NED"]
[Date "2012.07.24"]
[Round "1.6"]
[White "Popilski, Gil"]
[Black "Maatman, Nick"]
[Result "1-0"]
[WhiteTitle "IM"]
[WhiteElo "2450"]
[BlackElo "2123"]
[WhiteFideId "2809060"]
[BlackFideId "1040391"]
[EventDate "2012.07.24"]
[EventType "swiss"]

1. Nf3 Nf6 2. c4 g6 3. Nc3 d5 4. cxd5 Nxd5 5. Qb3 Nb6 6. d4 Bg7 7. e4 Bg4 8. Ng5
O-O 9. Be2 Bxe2 10. Nxe2 h6 11. Nf3 Nc6 12. O-O e5 13. dxe5 Kh7 14. e6 Qe7 15.
Nf4 Rae8 16. h4 fxe6 17. h5 gxh5 18. Nxh5 e5 19. Ng3 Nd4 20. Nxd4 exd4 21. f4 c5
22. e5 c4 23. Qf3 Kh8 24. Qe4 Qc5 25. Rd1 Rd8 26. Nh5 Rg8 27. Qg6 d3+ 28. Kh1
Qf2 29. Be3 Qh4+ 30. Kg1 Bf8 31. Qf5 Be7 32. Bf2 Qg4 33. Qxg4 Rxg4 34. Rac1 Rc8
35. g3 Rgg8 36. Kg2 Nd5 37. Kf3 Rgd8 38. f5 Bg5 39. Nf4 Bxf4 40. gxf4 b5 41. Bh4
Rg8 42. f6 Kh7 43. Rh1 Kg6 44. Ke4 Nc7 45. f5+ Kf7 46. Rcg1 b4 47. Be1 a5 48.
Rxg8 Rxg8 49. Rxh6 Rg1 50. Bd2 Nb5 51. e6+ Kg8 52. f7+ Kg7 53. f6+ 1-0

[Event "Dutch Open 2012"]
[Site "Dieren NED"]
[Date "2012.07.24"]
[Round "1.7"]
[White "Von Meijenfeldt, Bart"]
[Black "Hendriks, Willy"]
[Result "0-1"]
[BlackTitle "IM"]
[WhiteElo "2123"]
[BlackElo "2422"]
[WhiteFideId "1032259"]
[BlackFideId "1000713"]
[EventDate "2012.07.24"]
[EventType "swiss"]

1. e4 d6 2. d4 Nf6 3. Nc3 g6 4. Be3 Bg7 5. f3 c6 6. Qd2 b5 7. O-O-O b4 8. Nce2
a5 9. Kb1 Ba6 10. g4 Qb6 11. h4 h5 12. g5 Nfd7 13. f4 c5 14. f5 Nc6 15. dxc5
Nxc5 16. fxg6 fxg6 17. Nf4 Bxf1 18. Ne6 Bc4 19. Nxg7+ Kf7 20. Nf5 gxf5 21. exf5
Qb5 22. Qg2 Na4 23. Ka1 Nxb2 24. g6+ Kg7 25. Kxb2 Qa4 26. Rd3 Qxa2+ 27. Kc1 Qa1+
28. Kd2 Bxd3 29. Qxc6 Rhc8 30. Ne2 Rxc6 31. Rxa1 Bxe2 32. Bd4+ e5 33. fxe6+ Kxg6
34. Kxe2 Kf5 35. e7 Rxc2+ 36. Kd3 Rcc8 37. Bb6 Ke6 38. Kd4 0-1

[Event "Dutch Open 2012"]
[Site "Dieren NED"]
[Date "2012.07.24"]
[Round "1.8"]
[White "Sowray, Peter J"]
[Black "Van Mierlo, Guido"]
[Result "1/2-1/2"]
[WhiteTitle "FM"]
[WhiteElo "2375"]
[BlackElo "2089"]
[WhiteFideId "400971"]
[BlackFideId "1032453"]
[EventDate "2012.07.24"]
[EventType "swiss"]

1. c4 g6 2. Nc3 Bg7 3. g3 d6 4. Bg2 Nf6 5. Nf3 O-O 6. O-O c6 7. d3 e5 8. Rb1 Re8
9. b4 d5 10. Qb3 dxc4 11. Qxc4 Be6 12. Qh4 Nd5 13. Qxd8 Rxd8 14. Ne4 Nd7 15. Bd2
N5f6 16. Nd6 Bxa2 17. Ra1 Bd5 18. e4 Be6 19. Nxb7 Rdb8 20. Na5 c5 21. Nc6 Rb6
22. b5 Rxb5 23. Nxa7 Rb3 24. Nc6 Re8 25. Ba5 Rxd3 26. Nfxe5 Rb3 27. f4 Nxe5 28.
fxe5 Ng4 29. Rac1 Nxe5 30. Rxc5 Nxc6 31. Rxc6 Ra3 32. Bb4 Rb3 33. Bd6 Rd3 34. e5
Rd2 35. Rc7 Bf8 36. Bc6 Bxd6 37. exd6 Rd8 38. d7 Bxd7 39. Bxd7 R8xd7 40. Rxd7
Rxd7 41. Rf2 Kg7 1/2-1/2

[Event "Dutch Open 2012"]
[Site "Dieren NED"]
[Date "2012.07.24"]
[Round "1.10"]
[White "Pijpers, Arthur"]
[Black "Vereggen, Lars"]
[Result "1-0"]
[WhiteElo "2341"]
[BlackElo "2051"]
[WhiteFideId "1019554"]
[BlackFideId "1029258"]
[EventDate "2012.07.24"]
[EventType "swiss"]

1. e4 c5 2. Nf3 d6 3. d4 cxd4 4. Nxd4 Nf6 5. Nc3 a6 6. Bg5 e6 7. f4 Qc7 8. Bxf6
gxf6 9. f5 Nc6 10. fxe6 fxe6 11. Bc4 Nxd4 12. Qxd4 b5 13. Bxe6 Bxe6 14. Qxf6 Bc4
15. Qxh8 O-O-O 16. Qf6 b4 17. Nd5 Bxd5 18. Qf5+ Kb8 19. Qxd5 Qb6 20. O-O-O Bg7
21. Rhf1 Be5 22. g3 Rc8 23. Rf7 a5 24. Kb1 a4 25. Rdf1 Qa6 26. Rf8 b3 27. Rxc8+
Kxc8 28. Rf8+ Kc7 29. Qf7+ Kc6 30. Qe8+ Kb6 31. Qb8+ Kc5 32. Qc8+ 1-0

[Event "Dutch Open 2012"]
[Site "Dieren NED"]
[Date "2012.07.24"]
[Round "1.12"]
[White "Heemskerk, Wim"]
[Black "Beerdsen, Thomas"]
[Result "1/2-1/2"]
[WhiteTitle "FM"]
[WhiteElo "2252"]
[BlackElo "2044"]
[WhiteFideId "1001000"]
[BlackFideId "1030108"]
[EventDate "2012.07.24"]
[EventType "swiss"]

1. Nf3 Nf6 2. c4 c6 3. g3 d5 4. Bg2 e6 5. O-O Nbd7 6. d4 Bd6 7. Nbd2 O-O 8. b3
e5 9. dxe5 Nxe5 10. cxd5 cxd5 11. Bb2 Qe7 12. Nd4 Bd7 13. Rc1 Rac8 14. Rxc8 Rxc8
15. Qb1 Bb4 16. Rd1 Bc3 17. Nf1 Bxb2 18. Qxb2 Qc5 19. Ne3 Neg4 20. Nxg4 1/2-1/2

[Event "Dutch Open 2012"]
[Site "Dieren NED"]
[Date "2012.07.24"]
[Round "1.14"]
[White "Schouten, Nico"]
[Black "Vesters, Melchior"]
[Result "1/2-1/2"]
[WhiteElo "2232"]
[BlackElo "1974"]
[WhiteFideId "1001108"]
[BlackFideId "1029134"]
[EventDate "2012.07.24"]
[EventType "swiss"]

1. d4 g6 2. Nf3 Bg7 3. e3 d6 4. Be2 Nc6 5. O-O e5 6. c4 Nge7 7. Nc3 O-O 8. a3
exd4 9. exd4 Nf5 10. Bg5 Qd7 11. Nd5 Ncxd4 12. Nxd4 Nxd4 13. Nf6+ Bxf6 14. Bxf6
Nxe2+ 15. Qxe2 Qe6 16. Qf3 Qf5 17. Qc3 Bd7 18. Rae1 Rae8 19. Be7 Be6 20. Bxf8
Rxf8 21. Re3 Qc5 22. Rc1 a5 23. b4 axb4 24. axb4 Qc6 25. h4 b5 26. c5 Qd5 27.
cxd6 cxd6 28. Rd3 Qc4 29. Rxd6 Qxc3 30. Rxc3 Ra8 31. Kh2 Ra2 32. Kg3 Rb2 33. Rd4
Kg7 34. Kf3 h5 35. Ke3 Bc4 36. Rdxc4 bxc4 37. Rxc4 g5 38. g3 gxh4 39. Rxh4 Rb3+
40. Ke2 Rb2+ 41. Kf1 Kg6 42. Rf4 Kg5 43. Kg2 f6 44. Kf3 Rb3+ 45. Ke2 Rb2+ 46.
Ke3 f5 47. Kf3 Ra2 48. Rc4 Rb2 49. Ke3 Rb3+ 50. Kd4 Rb2 51. Kc5 Rxf2 52. b5 Kf6
53. Kc6 f4 54. gxf4 h4 55. Rc3 Kf5 56. b6 Kxf4 57. Rb3 Kg4 58. b7 Rf8 59. b8=Q
Rxb8 60. Rxb8 h3 61. Kd5 h2 1/2-1/2

[Event "Dutch Open 2012"]
[Site "Dieren NED"]
[Date "2012.07.24"]
[Round "1.16"]
[White "Vos, Tjark"]
[Black "Efroimski, Marsel"]
[Result "0-1"]
[BlackTitle "WIM"]
[WhiteElo "1958"]
[BlackElo "2187"]
[WhiteFideId "1020870"]
[BlackFideId "2810964"]
[EventDate "2012.07.24"]
[EventType "swiss"]

1. e4 c6 2. d4 d5 3. Nc3 dxe4 4. Nxe4 Nf6 5. Nxf6+ exf6 6. Bc4 Bd6 7. Nf3 O-O 8.
O-O Bg4 9. h3 Bh5 10. Re1 Bc7 11. c3 Qd6 12. g3 Qd7 13. Kg2 a5 14. Be3 b5 15.
Be2 Re8 16. Nh4 Bxe2 17. Qxe2 Qd5+ 18. Qf3 Nd7 19. Qxd5 cxd5 20. Bd2 Nb6 21. b3
g6 22. Kf3 Rec8 23. Ng2 Bd6 24. Nf4 Bxf4 25. Kxf4 Nd7 26. Re7 Nf8 27. Ke3 Rcb8
28. Kd3 a4 29. Rb1 axb3 30. axb3 Ra2 31. h4 Kg7 32. Rc7 Ne6 33. Rd7 b4 34. cxb4
Rb5 35. Re1 Ra6 36. g4 Kf8 37. f4 Ke8 38. Rc7 f5 39. gxf5 gxf5 40. Rc5 Rxc5 41.
bxc5 f6 42. Bc3 Kf7 43. Rf1 Ra2 44. b4 Nc7 45. Ra1 Rxa1 46. Bxa1 Ke6 47. h5 Kd7
48. Kc3 Kc6 49. Kb3 Kb5 50. Bc3 Ne6 51. Bd2 h6 52. Kc3 Ng7 53. Kd3 Nxh5 54. Ke3
Ng7 55. Kf3 Ne6 56. Ke3 Kc4 57. Kf3 Nxd4+ 58. Kg3 Kd3 59. Be1 Ke4 60. Bf2 Nb5
61. c6 d4 62. Kh4 d3 63. Be1 Kxf4 64. Kh5 Ke3 0-1

[Event "Dutch Open 2012"]
[Site "Dieren NED"]
[Date "2012.07.24"]
[Round "1.17"]
[White "Van Liempt, Michael"]
[Black "Vogel, Jaap"]
[Result "1-0"]
[BlackTitle "FM"]
[WhiteElo "1954"]
[BlackElo "2179"]
[WhiteFideId "1012665"]
[BlackFideId "1000764"]
[EventDate "2012.07.24"]
[EventType "swiss"]

1. e4 e6 2. d3 d5 3. Nd2 Nf6 4. Ngf3 b6 5. g3 Bb7 6. Bg2 c5 7. O-O Be7 8. Re1
Nc6 9. c3 Qc7 10. Qc2 h6 11. Nf1 g5 12. Ne3 dxe4 13. dxe4 O-O-O 14. Nc4 b5 15.
Na3 a6 16. Be3 Ng4 17. Bd2 c4 18. h3 Nge5 19. Be3 Nxf3+ 20. Bxf3 Ne5 21. Bg2 Nd3
22. Re2 Rd7 23. Nb1 Rhd8 24. Nd2 Bc5 25. Nf1 f5 26. exf5 exf5 27. Bxb7+ Kxb7 28.
Bxc5 Qxc5 29. a4 Re7 30. axb5 axb5 31. b4 Rxe2 32. Qxe2 Qd6 33. Qe3 Qb6 34. Qf3+
Kc7 35. Qxf5 Qc6 36. Ne3 Kb6 37. Qf7 Rd7 38. Qf8 Qb7 39. Qxh6+ Kc7 40. Qf6 1-0

[Event "Dutch Open 2012"]
[Site "Dieren NED"]
[Date "2012.07.24"]
[Round "1.18"]
[White "Ypma, Peter"]
[Black "De Bruijne, Arian"]
[Result "0-1"]
[WhiteElo "2175"]
[BlackElo "1934"]
[WhiteFideId "1027255"]
[BlackFideId "1039946"]
[EventDate "2012.07.24"]
[EventType "swiss"]

1. e4 c5 2. c4 Nc6 3. Nc3 d6 4. g3 Nf6 5. Bg2 g6 6. Nge2 Bg7 7. O-O O-O 8. a3
Ne8 9. Rb1 a5 10. d3 Nc7 11. Be3 Ne6 12. Nb5 Bd7 13. f4 Rc8 14. Qe1 Ncd4 15.
Nbxd4 cxd4 16. Bd2 Nc5 17. b4 Nxd3 18. Qd1 axb4 19. axb4 Be6 20. e5 dxe5 21.
Bxb7 Rc7 22. Be4 Bxc4 23. Rf3 f5 24. Bxd3 Bxd3 25. Rxd3 e4 26. Ra3 d3 27. Nc1
Rc2 28. Rbb3 Qd4+ 29. Kg2 Rfc8 30. Kh3 Qf2 31. Rxd3 exd3 32. Rxd3 e5 33. fxe5
Bxe5 34. Nb3 g5 35. Qh1 g4+ 36. Kh4 Bf6+ 37. Kh5 Qa7 38. Qd5+ Qf7+ 39. Qxf7+
Kxf7 40. Rd7+ Be7 41. Bg5 Rxh2+ 42. Bh4 Rxh4+ 43. gxh4 g3 44. Rd2 Rg8 45. Rg2
Rg4 46. b5 Rxh4# 0-1

[Event "Dutch Open 2012"]
[Site "Dieren NED"]
[Date "2012.07.25"]
[Round "2.2"]
[White "Houben, Jaap"]
[Black "Greenfeld, Alon"]
[Result "0-1"]
[BlackTitle "GM"]
[WhiteElo "2269"]
[BlackElo "2556"]
[WhiteFideId "1028103"]
[BlackFideId "2800039"]
[EventDate "2012.07.24"]
[EventType "swiss"]

1. e4 c5 2. Nc3 Nc6 3. f4 g6 4. Nf3 Bg7 5. Bb5 Nd4 6. O-O Nxb5 7. Nxb5 d5 8.
exd5 a6 9. Nc3 Nf6 10. d4 c4 11. Qe2 b5 12. Re1 O-O 13. Qxe7 Qxe7 14. Rxe7 b4
15. Nd1 Nxd5 16. Re1 Bf5 17. c3 bxc3 18. bxc3 Rfe8 19. Rxe8+ Rxe8 20. Kf2 Bc2
21. Bd2 Nf6 22. Nb2 Ne4+ 23. Kg1 Nxd2 24. Nxd2 Re3 25. Nbxc4 Rxc3 26. Ne5 Bf5
27. Nb3 Bh6 28. g4 Be6 29. g5 Bf8 30. Rc1 Bb4 31. Nc6 Rxc1+ 32. Nxc1 Bd2 33. Nd3
Be3+ 34. Kf1 Bc4 35. Ne5 Bxa2 36. Ke2 Bxd4 37. Nb4 Bxe5 38. fxe5 Bc4+ 39. Ke3 a5
40. Nc2 a4 41. Kd2 Bb3 42. Nd4 Bd5 43. Nb5 Kf8 44. Kc3 Ke7 45. Nc7 Bc6 46. Kb4
Kd7 47. Na6 Ke6 48. Kc5 Bb7 49. Kd4 0-1

[Event "Dutch Open 2012"]
[Site "Dieren NED"]
[Date "2012.07.25"]
[Round "2.3"]
[White "Ikonnikov, Vyacheslav"]
[Black "Pijpers, Arthur"]
[Result "1-0"]
[WhiteTitle "GM"]
[WhiteElo "2537"]
[BlackElo "2341"]
[WhiteFideId "4100972"]
[BlackFideId "1019554"]
[EventDate "2012.07.24"]
[EventType "swiss"]

1. d4 d5 2. Nf3 Nf6 3. c4 c6 4. e3 Bg4 5. cxd5 Bxf3 6. Qxf3 cxd5 7. Nc3 Nc6 8.
Bd3 e6 9. O-O Be7 10. Bd2 O-O 11. Qh3 Rc8 12. Rad1 g6 13. Kh1 Re8 14. f4 Na5 15.
g4 Nc4 16. Bxc4 Rxc4 17. f5 exf5 18. gxf5 Qd7 19. Be1 Bd8 20. Rf3 Kh8 21. fxg6
Qxh3 22. g7+ Kxg7 23. Rxh3 Ba5 24. Bh4 Ne4 25. Rg1+ Kf8 26. Nxd5 Rc2 27. Nf6
Nxf6 28. Bxf6 Re6 29. Rf1 Ke8 30. d5 Re4 31. Rf4 Rxf4 32. exf4 Bc7 33. Re3+ Kd7
34. Re7+ Kd6 35. Rxf7 Kxd5 36. Bc3 Bb6 37. Re7 Rf2 38. Rxb7 h5 39. Rh7 Ke4 40.
Rxh5 Rf1+ 41. Kg2 Rf2+ 42. Kg3 Rf3+ 43. Kg4 Rxf4+ 44. Kg5 Bd8+ 45. Kg6 Rg4+ 46.
Kf7 Rg2 47. Ke6 Rg6+ 48. Kd7 Bf6 49. Bxf6 Rxf6 50. Ra5 Rf2 51. b4 Rxh2 52. Kc7
Kd4 53. Rxa7 1-0

[Event "Dutch Open 2012"]
[Site "Dieren NED"]
[Date "2012.07.25"]
[Round "2.5"]
[White "Raznikov, Danny"]
[Black "Evengroen, Henk-Jan"]
[Result "1-0"]
[WhiteTitle "IM"]
[WhiteElo "2462"]
[BlackElo "1968"]
[WhiteFideId "2811154"]
[BlackFideId "1019252"]
[EventDate "2012.07.24"]
[EventType "swiss"]

1. Nf3 Nf6 2. c4 g6 3. Nc3 Bg7 4. e4 d6 5. d4 O-O 6. h3 c5 7. d5 a6 8. a4 a5 9.
Bf4 Na6 10. Be2 Nb4 11. O-O Nd7 12. Bh2 Nb6 13. Qd2 e5 14. dxe6 Bxe6 15. b3 Qf6
16. Nb5 Bd7 17. Bxd6 Rfd8 18. e5 Qf5 19. Bc7 Rdc8 20. Bxb6 Bxb5 21. axb5 Qe6 22.
Bxa5 Bxe5 23. Nxe5 Qxe5 24. Bf3 b6 25. Bxa8 Rxa8 26. Rae1 1-0

[Event "Dutch Open 2012"]
[Site "Dieren NED"]
[Date "2012.07.25"]
[Round "2.8"]
[White "Beerdsen, Thomas"]
[Black "Sowray, Peter J"]
[Result "1-0"]
[BlackTitle "FM"]
[WhiteElo "2044"]
[BlackElo "2375"]
[WhiteFideId "1030108"]
[BlackFideId "400971"]
[EventDate "2012.07.24"]
[EventType "swiss"]

1. e4 c6 2. d4 d5 3. f3 dxe4 4. fxe4 e5 5. Nf3 Be6 6. c3 Nd7 7. Bd3 Ngf6 8. O-O
Be7 9. h3 exd4 10. cxd4 h6 11. Be3 Nb6 12. Nbd2 Qc7 13. Rc1 Rd8 14. Bb1 Nh5 15.
Qe1 Ng3 16. Rf2 O-O 17. Ne5 Bd6 18. Rf3 Nh5 19. Qh4 Bxe5 20. dxe5 Qxe5 21. Rc5
Qxb2 22. Rxh5 Rxd2 23. Bxd2 Qxd2 24. Kh2 Nc4 25. Rg3 Kh8 26. Bd3 f6 27. e5 Nxe5
28. Rxe5 fxe5 29. Qe7 Rg8 30. Qxe6 1-0

[Event "Dutch Open 2012"]
[Site "Dieren NED"]
[Date "2012.07.25"]
[Round "2.9"]
[White "Vesters, Melchior"]
[Black "Heemskerk, Wim"]
[Result "0-1"]
[BlackTitle "FM"]
[WhiteElo "1974"]
[BlackElo "2252"]
[WhiteFideId "1029134"]
[BlackFideId "1001000"]
[EventDate "2012.07.24"]
[EventType "swiss"]

1. e4 e6 2. d4 d5 3. Nc3 Nf6 4. Bg5 Bb4 5. Ne2 dxe4 6. a3 Be7 7. Bxf6 gxf6 8.
Nxe4 b6 9. Qd3 Bb7 10. O-O-O Nd7 11. N4c3 c6 12. g3 Qc7 13. Bg2 O-O-O 14. Qf3 f5
15. Kb1 Nf6 16. h3 Rd7 17. Qf4 Qxf4 18. Nxf4 Rhd8 19. Nfe2 Kc7 20. Kc1 a5 21.
Bf3 b5 22. d5 Nxd5 23. Bxd5 exd5 24. Nd4 b4 25. axb4 axb4 26. Nce2 Bc5 27. Nxf5
Bxf2 28. Nf4 Re8 29. Nd3 Bb6 30. Nxb4 Re5 31. g4 Rd8 32. Nd3 Re4 33. Rde1 Rde8
34. Rxe4 Rxe4 35. Rf1 Bc8 36. Kd1 Be6 37. Nh6 Re3 38. h4 Rh3 39. h5 Rg3 40. Ne5
Bd4 41. Nf5 Bxe5 42. Nxg3 Bxg3 43. Kd2 Bh4 44. Rg1 Bg5+ 45. Kd3 c5 46. b3 Kd6
47. c4 dxc4+ 0-1

[Event "Dutch Open 2012"]
[Site "Dieren NED"]
[Date "2012.07.25"]
[Round "2.11"]
[White "Van Mierlo, Guido"]
[Black "Maris, Ivo"]
[Result "1/2-1/2"]
[WhiteElo "2089"]
[BlackElo "2044"]
[WhiteFideId "1032453"]
[BlackFideId "1028146"]
[EventDate "2012.07.24"]
[EventType "swiss"]

1. e4 e6 2. e5 c5 3. Nf3 Nc6 4. c3 d5 5. exd6 Bxd6 6. d4 cxd4 7. cxd4 Nf6 8. Be2
O-O 9. O-O e5 10. dxe5 Nxe5 11. Nxe5 Bxe5 12. Qxd8 Rxd8 13. Nc3 Bg4 14. Bxg4
Nxg4 15. h3 Nf6 16. Bg5 h6 17. Bxf6 Bxf6 18. Rad1 Kf8 19. Rxd8+ Rxd8 20. Rd1
Rxd1+ 21. Nxd1 Ke7 22. Kf1 Kd6 23. Ke2 Kc5 24. Kd3 g6 25. Nc3 1/2-1/2

[Event "Dutch Open 2012"]
[Site "Dieren NED"]
[Date "2012.07.25"]
[Round "2.12"]
[White "Colijn, Stefan"]
[Black "Van Lanen, Antoon"]
[Result "1-0"]
[WhiteElo "2220"]
[BlackElo "2147"]
[WhiteFideId "1016199"]
[BlackFideId "1008064"]
[EventDate "2012.07.24"]
[EventType "swiss"]

1. e4 d5 2. exd5 Qxd5 3. Nf3 g6 4. d4 Bg7 5. c4 Qd8 6. Be2 Nf6 7. O-O O-O 8. Nc3
Bg4 9. Be3 c6 10. Qb3 Qc7 11. Rfd1 Nbd7 12. h3 Bxf3 13. Bxf3 Rac8 14. Rac1 b6
15. d5 Ne5 16. Be2 Rfd8 17. dxc6 Nxc6 18. Qa4 e6 19. Nb5 Qb8 20. Rxd8+ Rxd8 21.
Bf3 Ne5 22. Qxa7 Nxf3+ 23. gxf3 Qe5 24. Qc7 Qxc7 25. Nxc7 Rb8 26. Rd1 Bf8 27.
Nb5 Be7 28. a3 Rb7 29. Kg2 Nd7 30. Nd6 Bxd6 31. Rxd6 Kf8 32. b4 Ke7 33. Rc6 Kd8
34. f4 Rb8 35. a4 Ke7 36. Kf3 Kd8 37. Ke4 Nf6+ 38. Kd3 Nd7 39. Bd4 Ke7 40. Be5
Ra8 41. Bd6+ Kd8 42. a5 bxa5 43. Bc7+ Ke7 44. Bxa5 g5 45. Ke3 gxf4+ 46. Kxf4 Rg8
47. b5 Rg2 48. Bb4+ Kd8 49. Kf3 Rh2 50. Kg3 Rh1 51. Ba5+ Ke7 52. Rc8 Rb1 53.
Bd8+ Kd6 54. Rc6+ Ke5 55. b6 Rb3+ 56. Kg2 Rb2 57. c5 Kf5 58. Bc7 Nf6 59. Bg3 e5
60. Rc7 Ke6 61. b7 Nd5 62. Rc6+ Kf5 63. Rb6 1-0

[Event "Dutch Open 2012"]
[Site "Dieren NED"]
[Date "2012.07.25"]
[Round "2.13"]
[White "Vogel, Jaap"]
[Black "Von Meijenfeldt, Bart"]
[Result "1/2-1/2"]
[WhiteTitle "FM"]
[WhiteElo "2179"]
[BlackElo "2123"]
[WhiteFideId "1000764"]
[BlackFideId "1032259"]
[EventDate "2012.07.24"]
[EventType "swiss"]

1. d4 Nf6 2. Nf3 g6 3. g3 Bg7 4. Bg2 O-O 5. O-O d6 6. c4 Nc6 7. Nc3 a6 8. h3 Bd7
9. b3 Rb8 10. a4 Re8 11. Bb2 e5 12. e3 Nb4 13. Qd2 Qc8 14. Kh2 c6 15. dxe5 dxe5
16. Ng5 a5 17. Nce4 Nxe4 18. Nxe4 Rd8 19. Rad1 Bf5 20. Qe2 Qc7 21. Rxd8+ 1/2-1/2

[Event "Dutch Open 2012"]
[Site "Dieren NED"]
[Date "2012.07.25"]
[Round "2.14"]
[White "Maatman, Nick"]
[Black "Ypma, Peter"]
[Result "1/2-1/2"]
[WhiteElo "2123"]
[BlackElo "2175"]
[WhiteFideId "1040391"]
[BlackFideId "1027255"]
[EventDate "2012.07.24"]
[EventType "swiss"]

1. d4 Nf6 2. c4 e6 3. Nf3 c5 4. g3 Qa5+ 5. Nc3 Ne4 6. Qd3 cxd4 7. Nxd4 Bb4 8.
Nb3 Qf5 9. Qe3 Nxc3 10. bxc3 Be7 11. Bg2 Nc6 12. O-O O-O 13. a4 Ne5 14. Nd2 Qh5
15. h3 Bc5 16. Qf4 Ng6 17. Qf3 Qxf3 18. Nxf3 b6 19. Rd1 Rb8 20. Ba3 Bxa3 21.
Rxa3 Rd8 22. a5 bxa5 23. Rxa5 a6 24. Nd4 Bb7 25. Bxb7 Rxb7 26. Rxa6 Rc7 27. Ra4
Kf8 28. f4 Ke7 29. Nc2 f5 30. Kf2 Nh8 31. e4 fxe4 32. Rd4 Nf7 33. Rxe4 Nd6 34.
Rd4 Nf5 35. Rd3 Rdc8 36. Na3 Nd6 37. Rxd6 Kxd6 38. Nb5+ Ke7 39. Nxc7 Rxc7 40.
Ke3 Rb7 41. c5 Rb8 42. Ra7 Rc8 43. Kd4 h5 44. g4 hxg4 45. hxg4 Ke8 46. Ra6 Ke7
47. g5 Rf8 48. Ke4 Rc8 49. c6 Rxc6 50. Rxc6 dxc6 51. f5 exf5+ 52. Kxf5 Kf7 53.
c4 Ke7 54. Ke5 Kd7 55. Kf5 Ke7 56. Kf4 Kd7 57. Kf5 1/2-1/2

[Event "Dutch Open 2012"]
[Site "Dieren NED"]
[Date "2012.07.25"]
[Round "2.15"]
[White "Van Osch, Mees"]
[Black "Zwirs, Nico"]
[Result "0-1"]
[WhiteElo "2071"]
[BlackElo "2173"]
[WhiteFideId "1035967"]
[BlackFideId "1036432"]
[EventDate "2012.07.24"]
[EventType "swiss"]

1. e4 c5 2. Nf3 d6 3. d4 cxd4 4. Nxd4 Nf6 5. Nc3 a6 6. Be3 e5 7. Nb3 Be6 8. Qd2
Nbd7 9. O-O-O b5 10. f4 Qc7 11. Kb1 Nb6 12. Bxb6 Qxb6 13. f5 Bd7 14. g4 Bc6 15.
Qe2 b4 16. Nd5 Nxd5 17. exd5 Bd7 18. Nd4 h5 19. g5 Be7 20. h4 Ra7 21. Nc6 Rc7
22. Qxa6 Qxa6 23. Bxa6 Bxf5 24. Rhf1 Bh3 25. Rf2 f6 26. Bd3 O-O 27. Bf5 fxg5 28.
Nxe7+ Rxe7 29. Bh7+ Kxh7 30. Rxf8 gxh4 31. Rg1 e4 32. Kc1 e3 33. Kd1 Bg4+ 34.
Ke1 Re5 35. Rf4 Rxd5 36. Rgxg4 hxg4 37. Rxg4 Rh5 38. Ke2 h3 39. Rg1 h2 40. Rh1
Rh3 0-1